[Event "MAS-ch Rapid Seniors"]
[Site "Kuala Lumpur"]
[Date "2023.12.31"]
[Round "2"]
[White "Suhairi, Hussin"]
[Black "Kamaruddin, Ami Shamril"]
[Result "0-1"]
[WhiteElo "1319"]
[BlackElo "1392"]
[PlyCount "76"]
[EventDate "2023.12.31"]
[EventType "swiss (rapid)"]
[EventRounds "7"]
[EventCountry "MAS"]
[SourceTitle "CBM 218 Extra"]
[Source "ChessBase"]
[SourceDate "2024.03.31"]
[SourceVersion "1"]
[SourceVersionDate "2024.03.31"]
[SourceQuality "1"]

1. e4 d6 2. Nf3 Nf6 3. Nc3 c6 4. d4 Qa5 5. Bd2 e5 6. dxe5 dxe5 7. Nd5 Qd8 8. Nxf6+ gxf6 9. Bc3 Be6 10. Qxd8+ Kxd8 11. Rd1+ Kc7 12. b3 b5 13. g3 Nd7 14. Nh4 Nc5 15. Bg2 a5 16. 0-0 b4 17. Bb2 Nd7 18. f4 Bc5+ 19. Kh1 Bg4 20. Rd2 exf4 21. gxf4 Rhg8 22. h3 Bh5 23. e5 fxe5 24. fxe5 Rae8 25. Rf5 Be3 26. Rxd7+ Kxd7 27. Rxh5 h6 28. Nf5 Rg5 29. Rxh6 Rxf5 30. Bxc6+ Ke7 31. Bxe8 Bxh6 32. Bc6 Rf2 33. Be4 Bf4 34. Bd4 Rh2+ 35. Kg1 Rxh3 36. Kg2 Rh5 37. Bb6 Rxe5 38. Kf3 Bd2 0-1